Statistiques concernant Lieux d'action de jeux vidéo

Cliquez ici pour prendre le quiz!

Statistiques générales

  • Ce quiz a été pris 291 fois
  • Le résultat moyen est 5 sur 15

Statistiques - réponses

Lieu Jeu % Correct
Los SantosGTA V et GTA : San Andreas
89%
HyruleThe Legend of Zelda
77%
BordecielThe Elder Scrolls V : Skyrim
58%
Raccoon CityResident Evil
51%
AzerothWorld of Warcraft
50%
RaptureBioshock
43%
New VegasFallout : New Vegas
41%
Hong KongSleeping Dogs
28%
ArmadilloRed Dead Redemption
23%
Paris, FranciadeAssassin's Creed Unity
17%
TchernobylSTALKER : Shadow of Chernobyl
17%
Arcadia BayLife is Strange
11%
HarranDying Light
7%
TyrieGuild Wars
6%
DantooineStar Wars : Knights of the Old Republic
2%

Distribution des résultats

Percentile by Number Answered

% des personnes avec chaque résultat

Votre développement - résultats

Vous n’avez pas pris ce quiz